000 00813cam a2200205 4500
001 WB3711-38
008 000000n2001 000 0 eng u
035 _a(Sirsi) u111442
245 _aPig scheme opening announced
260 _c2001
490 _aMAFF Press Release
_v(96/01) 14 March 2001, (2)
520 _aAgriculture Minister, Nick Brown, has announced that the Pig Industry Development Scheme is now in force. The goverment has also introduced the Pig Welfare (Disposal) Scheme to aid pig producers affected by the movement restriction put in place to control classical swine fever.
590 _aWB
650 _aPIG FARMING
650 _aPIG INDUSTRY DEVELOPMENT SCHEME
650 _aPIG WELFARE (DISPOSAL) SCHEME
650 _aPIGS
690 _aRURAL-AGRICULTURE AND FORESTRY
942 _n0
999 _c66399
_d66399